Catalogue de la Bibliothèque de l'ENSA

Indices des prix à la production industrielle 2000-2010 (notice nᵒ 25633)

détails MARC
000 -LEADER
fixed length control field 00698nam a2200193zi 4500
005 - DATE AND TIME OF LATEST TRANSACTION
control field 20170529080633.0
020 ## - ISBN
ISBN 978-9961-792-72-8
037 ## - SOURCE D'ACQUISITION
Cote BC_1420 38
Forme de support Broché
040 ## - SOURCE DU CATALOGAGE
Origine cataloguage BC-ENSA
Langue du catalogage fre
041 ## - CODE DE LANGUE
Langue Français
110 ## - AUTEUR MORAL
Nom de collectivité Office national des statistiques. Direction technique chargée des statistiques économiques et du suivi de la conjoncture
245 ## - MENTION DU TITRE
Titre Indices des prix à la production industrielle 2000-2010
260 ## - PUBLICATION, DIFFUSION, ETC. (ADRESSE BIBLIOGRAPHIQUE)
Nom de l'éditeur ONS
Lieu d'édition Alger
Année d'édition 2011
300 ## - DESCRIPTION MATÉRIELLE
Nombre de pages 47 p.
Illustration ill.
Format 30 cm
562 ## - NOTE D'IDENTIFICATION DES EXEMPLAIRES ET VERSIONS
Numbre d' exemplaire 01 exemplaire
942 ## - ADDED ENTRY ELEMENTS (KOHA)
Type document Ouvrage
490 ## - MENTION DE COLLECTION
Titre Collection Série E : statistiques économiques
653 ## - DESCRIPTEUR LIBRE
Mots clés libres PRIX/FRUIT/LEGUME/INDUSTRIE/ALGERIE
Exemplaires
statut de retrait Statut emplacement permanent Localisation actuelle Cote code à barre Koha type d'élément
    Bibliothèque Centrale Bibliothèque Centrale BC_1420 38 BC_1420 38 Ouvrage

Adresse: Ecole Nationale Supérieure Agronomique Hassen Badi - El Harrach Alger, Algérie

Tél +213 (0) 23 82 85 07+213 (0) 23 82 85 12 Fax +213 23 82 85 03/04 Courriel: bibliotheque@edu.ensa.dz